00515 a2200169 450000100060000002000180000604000220002410000380004624000420008424500370012630000080016336200090017165000300018094200070021095201110021799900170032863992 a9788588782556 cAnchieta - Pituba aSchulz, Peter Alexander Bleinroth10aA encruzilhada da nanotecnologialpor10aA encruzilhada da nanotecnologia a1280 a2009 4aVibrações mecânicas cBK 00104070a91.1b91.1d2023-11-21l0o620.3 S388e SCH ENCp17598/PITr2023-11-21 18:32:25w2023-11-21yBK c63992d63992